[Event "OP-2016-0-04186"]
[Site "LSS email"]
[Date "2016.10.19"]
[Round "?"]
[White "Aguilar Gonzalez, Jose Antonio"]
[Black "Meijers, John"]
[Result "0-1"]
[WhiteElo "1452"]
[BlackElo "871"]
[PlyCount "62"]
[EventDate "2016.10.14"]
[EventType "tourn (corr)"]
[EventRounds "4"]
[EventCountry "GER"]
[SourceTitle "Corr 2022"]
[Source "ChessBase"]
[SourceDate "2021.10.24"]
[SourceVersion "1"]
[SourceVersionDate "2021.10.24"]
[SourceQuality "1"]

1. e4 e5 2. Nf3 Nc6 3. Bb5 a6 4. Ba4 Nf6 5. 0-0 b5 6. Bb3 Bc5 7. c3 Nxe4 8. Qe2 d5 9. d3 Nf6 10. d4 Bd6 11. dxe5 Qe7 12. Re1 Nxe5 13. Nxe5 0-0 14. Bg5 Qe6 15. Bxf6 gxf6 16. Nc6 Bc5 17. Qd2 Qxc6 18. Bxd5 Bxf2+ 19. Kxf2 Qb6+ 20. Qe3 Qxe3+ 21. Rxe3 Rb8 22. Re7 Bf5 23. Rxc7 Rbd8 24. Bf3 Rfe8 25. a4 Be4 26. axb5 axb5 27. Bxe4 Rxe4 28. Na3 Rd2+ 29. Kf3 Ree2 30. Rg1 Re5 31. h4 Rxb2 0-1

[Event "OP-2016-0-04186"]
[Site "LSS email"]
[Date "2016.10.18"]
[Round "?"]
[White "Bieszk, Stanislaw"]
[Black "Meijers, John"]
[Result "1-0"]
[WhiteElo "1004"]
[BlackElo "871"]
[PlyCount "83"]
[EventDate "2016.10.14"]
[EventType "tourn (corr)"]
[EventRounds "4"]
[EventCountry "GER"]
[SourceTitle "Corr 2022"]
[Source "ChessBase"]
[SourceDate "2021.10.24"]
[SourceVersion "1"]
[SourceVersionDate "2021.10.24"]
[SourceQuality "1"]

1. e4 c5 2. Nf3 d6 3. d4 cxd4 4. Nxd4 Nf6 5. Nc3 a6 6. Bg5 e5 7. Bxf6 Qxf6 8. Nd5 Qd8 9. Nf5 Bxf5 10. exf5 Nd7 11. Be2 Be7 12. 0-0 0-0 13. c4 Bf6 14. Bf3 e4 15. Bxe4 Be5 16. Qe2 Nb6 17. Rad1 Nxd5 18. Bxd5 Re8 19. Qd3 Qd7 20. b3 Re7 21. c5 Kf8 22. cxd6 Qxd6 23. Qh3 Qh6 24. Qxh6 gxh6 25. g3 Rd8 26. Bf3 Red7 27. Rxd7 Rxd7 28. Re1 Bf6 29. Re2 Rc7 30. Kg2 b5 31. Rd2 Ke7 32. Be4 Bc3 33. Rd5 Bb4 34. a4 Rc5 35. axb5 axb5 36. Rd1 Rc3 37. Bd3 Rxb3 38. Bxb5 Kf6 39. Rd7 Be7 40. Be2 Rb2 41. Bc4 Rb3 42. Bxb3 1-0

[Event "LSS No Engine Cup 158 Preliminary 0"]
[Site "LSS email"]
[Date "2016.08.27"]
[Round "?"]
[White "Stadler, Pavel"]
[Black "Meijers, John"]
[Result "1-0"]
[WhiteElo "1955"]
[BlackElo "1342"]
[PlyCount "67"]
[EventDate "2016.08.28"]
[EventType "tourn (corr)"]
[EventRounds "6"]
[EventCountry "GER"]
[SourceTitle "Corr 2022"]
[Source "ChessBase"]
[SourceDate "2021.10.24"]
[SourceVersion "1"]
[SourceVersionDate "2021.10.24"]
[SourceQuality "1"]

1. e4 c5 2. d4 d6 3. Nf3 cxd4 4. Nxd4 Nc6 5. Nc3 e5 6. Nb3 Nf6 7. Be2 Be6 8. 0-0 Be7 9. Be3 Qd7 10. h3 0-0 11. f4 exf4 12. Bxf4 a6 13. Nd4 Bxh3 14. Nxc6 bxc6 15. gxh3 Qxh3 16. Qd3 Qe6 17. Rad1 Rfd8 18. Kg2 Ng4 19. Qh3 Qg6 20. Qxg4 Qxg4+ 21. Bxg4 Rab8 22. b3 Bf6 23. Ne2 d5 24. Bxb8 Rxb8 25. exd5 cxd5 26. Rxd5 h6 27. c4 Bg5 28. Rd7 Bf6 29. Bh5 Rf8 30. c5 Be5 31. Rfxf7 Rxf7 32. Bxf7+ Kf8 33. Bc4 Ke8 34. Ra7 1-0

[Event "OP-2016-0-04028"]
[Site "LSS email"]
[Date "2016.04.25"]
[Round "?"]
[White "Meijers, John"]
[Black "Kuttner, Jaromir"]
[Result "0-1"]
[WhiteElo "908"]
[BlackElo "645"]
[PlyCount "78"]
[EventDate "2016.04.20"]
[EventType "tourn (corr)"]
[EventRounds "4"]
[EventCountry "GER"]
[SourceTitle "Corr 2022"]
[Source "ChessBase"]
[SourceDate "2021.10.24"]
[SourceVersion "1"]
[SourceVersionDate "2021.10.24"]
[SourceQuality "1"]

1. e4 c5 2. Nf3 Nc6 3. d4 cxd4 4. Nxd4 Qc7 5. Nc3 e6 6. Bb5 Nf6 7. Be3 Bb4 8. 0-0 Bxc3 9. bxc3 0-0 10. Qd3 Ng4 11. g3 a6 12. Ba4 Nge5 13. Qd2 Nxd4 14. Kg2 Ndf3 15. Qe2 b5 16. Bb3 Qxc3 17. Bf4 Bb7 18. Bxe5 Nxe5 19. Qh5 Bxe4+ 20. f3 Bg6 21. Qh3 a5 22. a4 b4 23. Rac1 d5 24. Rcd1 Bxc2 25. Bxc2 Qxc2+ 26. Kh1 Nxf3 27. Qg2 Qxg2+ 28. Kxg2 Ne5 29. Rc1 Rac8 30. Rxc8 Rxc8 31. Re1 Rc2+ 32. Kf1 Nf3 33. Re3 Nxh2+ 34. Ke1 Ng4 35. Rf3 d4 36. Kd1 Ne3+ 37. Ke1 b3 38. Rxe3 dxe3 39. g4 b2 0-1

[Event "OP-2016-0-04027"]
[Site "LSS email"]
[Date "2016.04.24"]
[Round "?"]
[White "Meijers, John"]
[Black "Firnhaber, Ingo"]
[Result "0-1"]
[WhiteElo "908"]
[BlackElo "2412"]
[PlyCount "50"]
[EventDate "2016.04.20"]
[EventType "tourn (corr)"]
[EventRounds "4"]
[EventCountry "GER"]
[SourceTitle "Corr 2022"]
[Source "ChessBase"]
[SourceDate "2021.10.24"]
[SourceVersion "1"]
[SourceVersionDate "2021.10.24"]
[SourceQuality "1"]

1. e4 c5 2. Nf3 d6 3. d4 cxd4 4. Nxd4 Nf6 5. Nc3 a6 6. Be3 e5 7. Nb3 Be6 8. f3 Be7 9. Qd2 0-0 10. 0-0-0 Nbd7 11. g4 b5 12. g5 b4 13. Nd5 Nxd5 14. exd5 Bf5 15. Qxb4 Bxg5 16. Bd2 Rc8 17. Qa5 Rxc2+ 18. Kb1 Bxd2 19. Rxd2 Rxd2+ 20. Kc1 Rc2+ 21. Kd1 Qg5 22. Nd2 Rfc8 23. Nb3 Qe3 24. Qe1 Rc1+ 25. Nxc1 Rxc1# 0-1

[Event "OP-2016-0-04027"]
[Site "LSS email"]
[Date "2016.04.23"]
[Round "?"]
[White "De la Foret, Fred"]
[Black "Meijers, John"]
[Result "0-1"]
[WhiteElo "1806"]
[BlackElo "908"]
[PlyCount "28"]
[EventDate "2016.04.20"]
[EventType "tourn (corr)"]
[EventRounds "4"]
[EventCountry "GER"]
[SourceTitle "Corr 2022"]
[Source "ChessBase"]
[SourceDate "2021.10.24"]
[SourceVersion "1"]
[SourceVersionDate "2021.10.24"]
[SourceQuality "1"]

1. d4 Nf6 2. Bg5 d5 3. e3 c5 4. Nc3 e6 5. Nf3 cxd4 6. exd4 Bb4 7. Bd3 Nc6 8. 0-0 0-0 9. a3 e5 10. axb4 e4 11. Bxf6 Qxf6 12. Nxd5 Qe6 13. Nc7 Qg6 14. Bxe4 Bf5 0-1

[Event "OP-2016-0-03957"]
[Site "LSS email"]
[Date "2016.02.14"]
[Round "?"]
[White "Stasilo, Tymoteusz"]
[Black "Meijers, John"]
[Result "1-0"]
[WhiteElo "1567"]
[BlackElo "935"]
[PlyCount "65"]
[EventDate "2016.02.10"]
[EventType "tourn (corr)"]
[EventRounds "4"]
[EventCountry "GER"]
[SourceTitle "Corr 2022"]
[Source "ChessBase"]
[SourceDate "2021.10.24"]
[SourceVersion "1"]
[SourceVersionDate "2021.10.24"]
[SourceQuality "1"]

1. e4 c5 2. d4 cxd4 3. Nf3 Nc6 4. Nxd4 e5 5. Nb5 a6 6. N5c3 Bb4 7. Bd3 Nf6 8. 0-0 d6 9. Nd5 Be6 10. Bg5 Bxd5 11. exd5 Nb8 12. c3 0-0 13. cxb4 Nbd7 14. Nc3 Qb6 15. a3 Qd4 16. Rc1 b5 17. Be3 Qh4 18. Bf5 g6 19. g3 gxf5 20. gxh4 f4 21. Bd2 Kh8 22. Qc2 Rg8+ 23. Kh1 Ng4 24. Ne4 f5 25. Nxd6 e4 26. Bc3+ Rg7 27. Bxg7+ Kxg7 28. Qc6 Rd8 29. Nxf5+ Kg8 30. Qe6+ Kh8 31. Qxd7 Rg8 32. Rc8 Nf6 33. Qg7# 1-0

[Event "SN-2015-0-00709"]
[Site "LSS email"]
[Date "2015.10.20"]
[Round "?"]
[White "Goti, Javier"]
[Black "Meijers, John"]
[Result "1-0"]
[WhiteElo "680"]
[BlackElo "1008"]
[PlyCount "91"]
[EventDate "2015.10.04"]
[EventType "tourn (corr)"]
[EventRounds "6"]
[EventCountry "GER"]
[SourceTitle "Corr 2022"]
[Source "ChessBase"]
[SourceDate "2021.10.24"]
[SourceVersion "1"]
[SourceVersionDate "2021.10.24"]
[SourceQuality "1"]

1. c4 e5 2. Nc3 Nf6 3. d3 Bb4 4. Bd2 c5 5. a3 Bxc3 6. Bxc3 Nc6 7. b4 b6 8. b5 Ne7 9. Bxe5 d6 10. Bxf6 gxf6 11. e3 Ng6 12. Nf3 Bg4 13. Be2 Rg8 14. 0-0 Kf8 15. h3 Be6 16. Nd2 a6 17. a4 Bc8 18. Bh5 d5 19. cxd5 Qxd5 20. Bf3 Qxd3 21. Bxa8 a5 22. Be4 Qd6 23. Bc6 Kg7 24. Nc4 Qc7 25. Re1 Be6 26. Nd6 Rd8 27. Ne8+ Rxe8 28. Bxe8 Qb8 29. Bc6 Qe5 30. Qd8 Qg5 31. Qxb6 Nh4 32. Kh2 Bd5 33. Bxd5 Qxd5 34. Qc6 Qe5+ 35. f4 Qf5 36. b6 Qc2 37. Kg3 Nf5+ 38. Kf3 Nh4+ 39. Kg3 Nf5+ 40. Kf3 Nh4+ 41. Kg4 Nxg2 42. Rg1 Qe2+ 43. Kg3 Nxe3 44. Kh4+ Kf8 45. Qd6+ Ke8 46. Rg8# 1-0

[Event "OP-2015-0-03770"]
[Site "LSS email"]
[Date "2015.07.19"]
[Round "?"]
[White "Meijers, John"]
[Black "Obrien, Glenn"]
[Result "0-1"]
[WhiteElo "1034"]
[BlackElo "1367"]
[PlyCount "48"]
[EventDate "2015.07.11"]
[EventType "tourn (corr)"]
[EventRounds "4"]
[EventCountry "GER"]
[SourceTitle "Corr 2022"]
[Source "ChessBase"]
[SourceDate "2021.10.24"]
[SourceVersion "1"]
[SourceVersionDate "2021.10.24"]
[SourceQuality "1"]

1. e4 e5 2. Nf3 Nc6 3. Bb5 a6 4. Ba4 Nf6 5. 0-0 Be7 6. Bxc6 dxc6 7. Re1 0-0 8. d4 exd4 9. Nxd4 Bc5 10. c3 Re8 11. f3 Bd6 12. Bg5 c5 13. Nf5 Bxf5 14. exf5 Qd7 15. Nd2 Qxf5 16. Bh4 Qh5 17. g3 g5 18. Rxe8+ Rxe8 19. f4 Qxd1+ 20. Rxd1 gxh4 21. Nc4 h3 22. Nxd6 cxd6 23. Rxd6 Ng4 24. Rd2 Re1# 0-1

[Event "SN-2015-0-00690"]
[Site "LSS email"]
[Date "2015.07.18"]
[Round "?"]
[White "Coffman, Daniel"]
[Black "Meijers, John"]
[Result "1-0"]
[WhiteElo "800"]
[BlackElo "1034"]
[PlyCount "51"]
[EventDate "2015.07.03"]
[EventType "tourn (corr)"]
[EventRounds "6"]
[EventCountry "GER"]
[SourceTitle "Corr 2022"]
[Source "ChessBase"]
[SourceDate "2021.10.24"]
[SourceVersion "1"]
[SourceVersionDate "2021.10.24"]
[SourceQuality "1"]

1. d4 Nf6 2. c4 e6 3. Nf3 d5 4. Nc3 dxc4 5. e4 Bb4 6. Bg5 c5 7. Bxc4 cxd4 8. Nxd4 Nbd7 9. 0-0 0-0 10. Qe2 a6 11. e5 Qc7 12. exf6 Bd6 13. Nxe6 Bxh2+ 14. Kh1 Qe5 15. Ne4 Re8 16. f4 Qf5 17. g4 Qa5 18. Nxg7 Re6 19. Bxe6 Nf8 20. Bxf7+ Kxf7 21. Qc4+ Be6 22. Nxe6 Nxe6 23. Nd6+ Kf8 24. Bh6+ Kg8 25. Qxe6+ Kh8 26. Bg7# 1-0

[Event "ZN-2015-0-03115"]
[Site "LSS email"]
[Date "2015.07.18"]
[Round "?"]
[White "Meijers, John"]
[Black "Linart, Jakub"]
[Result "1-0"]
[WhiteElo "1034"]
[BlackElo "484"]
[PlyCount "111"]
[EventDate "2015.07.11"]
[EventType "match (corr)"]
[EventRounds "2"]
[EventCountry "GER"]
[SourceTitle "Corr 2022"]
[Source "ChessBase"]
[SourceDate "2021.10.24"]
[SourceVersion "1"]
[SourceVersionDate "2021.10.24"]
[SourceQuality "1"]

1. e4 e5 2. Nf3 Nc6 3. Bb5 a6 4. Ba4 Nf6 5. 0-0 Be7 6. Re1 0-0 7. d4 d6 8. h3 Bd7 9. Bg5 h6 10. Bh4 b5 11. Bb3 Na5 12. c3 c5 13. dxc5 dxc5 14. Nxe5 Be6 15. Bc2 c4 16. Nd2 Bd6 17. Bxf6 Qxf6 18. Nef3 Bc5 19. Qe2 Rad8 20. e5 Qf4 21. Ne4 Be7 22. b3 cxb3 23. axb3 Nc6 24. Rxa6 Nb8 25. Ra7 Nc6 26. Rb7 b4 27. c4 Nxe5 28. Rxe7 Nxf3+ 29. Qxf3 Qxf3 30. gxf3 Bf5 31. c5 Rc8 32. Nf6+ gxf6 33. Bxf5 Rxc5 34. Bg4 Rg5 35. Kh2 f5 36. h4 Rg7 37. Bxf5 h5 38. Rb7 f6 39. Rxb4 Kf7 40. Rb7+ Kg8 41. Rxg7+ Kxg7 42. Rb1 Re8 43. b4 Re2 44. Kg2 Kf7 45. b5 Re5 46. Be4 f5 47. Ba8 Re8 48. Bd5+ Kf6 49. b6 Ke5 50. Bf7 Rf8 51. b7 Rb8 52. Bc4 Kd4 53. Ba6 Kc5 54. Bd3 f4 55. Be4 Kd6 56. Rc1 1-0

[Event "OP-2015-0-03770"]
[Site "LSS email"]
[Date "2015.07.18"]
[Round "?"]
[White "Perez, Zancasteabro"]
[Black "Meijers, John"]
[Result "1-0"]
[WhiteElo "1563"]
[BlackElo "1034"]
[PlyCount "53"]
[EventDate "2015.07.11"]
[EventType "tourn (corr)"]
[EventRounds "4"]
[EventCountry "GER"]
[SourceTitle "Corr 2022"]
[Source "ChessBase"]
[SourceDate "2021.10.24"]
[SourceVersion "1"]
[SourceVersionDate "2021.10.24"]
[SourceQuality "1"]

1. d4 Nf6 2. c4 e6 3. Nf3 b6 4. Nc3 Bb4 5. Bg5 0-0 6. e3 d5 7. Qb3 Nc6 8. Bxf6 Qxf6 9. cxd5 exd5 10. Qxd5 Bb7 11. Qc4 Bd6 12. Be2 Rfe8 13. a3 Rad8 14. 0-0 Ne7 15. e4 Bf4 16. Rad1 c6 17. e5 Qh6 18. g3 Qg6 19. d5 cxd5 20. Qxf4 Nf5 21. Bd3 d4 22. Bxf5 Qh5 23. Nxd4 g6 24. e6 gxf5 25. Nxf5 Qh3 26. Qg5+ Kf8 27. Qg7# 1-0

[Event "LSS No Engine Cup 126 Preliminary 0"]
[Site "LSS email"]
[Date "2015.02.28"]
[Round "?"]
[White "Meijers, John"]
[Black "Svrsek Jr, Radomir"]
[Result "0-1"]
[WhiteElo "1600"]
[BlackElo "2180"]
[PlyCount "82"]
[EventDate "2015.03.01"]
[EventType "tourn (corr)"]
[EventRounds "6"]
[EventCountry "GER"]
[SourceTitle "Corr 2022"]
[Source "ChessBase"]
[SourceDate "2021.10.24"]
[SourceVersion "1"]
[SourceVersionDate "2021.10.24"]
[SourceQuality "1"]

1. e4 e5 2. Nf3 Nc6 3. d4 exd4 4. Nxd4 Bc5 5. c3 Qf6 6. Be3 Nge7 7. Bd3 Nxd4 8. cxd4 Bxd4 9. Bxd4 Qxd4 10. Qc2 c6 11. Qc3 Qxc3+ 12. Nxc3 d6 13. Rc1 f5 14. exf5 Bxf5 15. Be2 0-0 16. 0-0 Rae8 17. Bh5 g6 18. Bf3 d5 19. Ne2 Bd7 20. Ng3 Nc8 21. Rfd1 Nd6 22. Rd4 Kg7 23. h4 Re5 24. h5 g5 25. Bg4 Bxg4 26. Rxg4 Rf4 27. f3 Kf6 28. b4 Re3 29. Rf1 Nc4 30. Rxf4+ gxf4 31. Nh1 Ra3 32. Ra1 Ne3 33. Nf2 Kf5 34. Nh3 d4 35. Kf2 d3 36. Rc1 Rxa2+ 37. Kg1 Rxg2+ 38. Kh1 d2 39. Rc5+ Kf6 40. Ng1 d1Q 41. Rxc6+ bxc6 0-1

[Event "SN-2015-0-00665"]
[Site "LSS email"]
[Date "2015.02.24"]
[Round "?"]
[White "Meijers, John"]
[Black "Pauk, Jozef"]
[Result "0-1"]
[WhiteElo "1062"]
[BlackElo "826"]
[PlyCount "32"]
[EventDate "2015.02.03"]
[EventType "tourn (corr)"]
[EventRounds "6"]
[EventCountry "GER"]
[SourceTitle "Corr 2022"]
[Source "ChessBase"]
[SourceDate "2021.10.24"]
[SourceVersion "1"]
[SourceVersionDate "2021.10.24"]
[SourceQuality "1"]

1. e4 e5 2. Nf3 d6 3. d4 Bg4 4. dxe5 Bxf3 5. gxf3 a6 6. exd6 cxd6 7. Nc3 Be7 8. Bf4 Nf6 9. Qd2 Nbd7 10. Bxd6 0-0 11. 0-0-0 Rc8 12. Bxe7 Qxe7 13. Bg2 Nb6 14. f4 Nc4 15. Qd3 Qb4 16. b3 Qa3+ 0-1

[Event "OP-2015-0-03652"]
[Site "LSS email"]
[Date "2015.02.23"]
[Round "?"]
[White "Drobotov, Gennady Sergeevich"]
[Black "Meijers, John"]
[Result "1-0"]
[WhiteElo "1568"]
[BlackElo "1062"]
[PlyCount "67"]
[EventDate "2015.02.14"]
[EventType "tourn (corr)"]
[EventRounds "4"]
[EventCountry "GER"]
[SourceTitle "Corr 2022"]
[Source "ChessBase"]
[SourceDate "2021.10.24"]
[SourceVersion "1"]
[SourceVersionDate "2021.10.24"]
[SourceQuality "1"]

1. e4 c5 2. d4 cxd4 3. Qxd4 Nc6 4. Qd1 Nf6 5. Nc3 e5 6. Nf3 Bc5 7. Be2 d6 8. 0-0 a6 9. Bg5 0-0 10. Nd5 Be6 11. Bxf6 gxf6 12. Nh4 f5 13. Nxf5 Nd4 14. Nfe3 b5 15. Bd3 Qg5 16. b4 Ba7 17. a4 Bh3 18. c3 Nc2 19. Qxc2 Bxe3 20. fxe3 Kh8 21. axb5 Rg8 22. Rf3 Be6 23. bxa6 Qd8 24. b5 Bc8 25. b6 Bg4 26. Rxf7 Be6 27. Raf1 Bxf7 28. Rxf7 Qh4 29. Qf2 Qxf2+ 30. Kxf2 Rgf8 31. Rxf8+ Rxf8+ 32. Ke2 Rg8 33. b7 Rb8 34. a7 1-0

[Event "OP-2015-0-03605"]
[Site "LSS email"]
[Date "2015.01.01"]
[Round "?"]
[White "Kadirov, Roman"]
[Black "Meijers, John"]
[Result "1-0"]
[WhiteElo "800"]
[BlackElo "1095"]
[PlyCount "77"]
[EventDate "2014.12.27"]
[EventType "tourn (corr)"]
[EventRounds "4"]
[EventCountry "GER"]
[SourceTitle "Corr 2022"]
[Source "ChessBase"]
[SourceDate "2021.10.24"]
[SourceVersion "1"]
[SourceVersionDate "2021.10.24"]
[SourceQuality "1"]

1. e4 c5 2. Nf3 Nc6 3. d4 cxd4 4. Nxd4 Nf6 5. Nc3 a6 6. Be2 e5 7. Nxc6 bxc6 8. 0-0 Bc5 9. Qd3 d5 10. Qg3 Be6 11. exd5 cxd5 12. Qxe5 Bd6 13. Qd4 0-0 14. Bg5 Be7 15. a3 Qb8 16. Na4 Qc7 17. c3 Bd7 18. Nb6 Rab8 19. Nxd7 Qxd7 20. b4 Rfe8 21. Bxa6 Ne4 22. Bxe7 Rxe7 23. Bd3 Rbe8 24. a4 Qd6 25. Rad1 Nf6 26. a5 Qe5 27. Qxe5 Rxe5 28. a6 Rb8 29. Rfe1 Rbe8 30. Rxe5 Rxe5 31. a7 Re8 32. Ra1 Ra8 33. Bb5 Ne4 34. Bc6 Rxa7 35. Rxa7 Kf8 36. b5 Nd6 37. b6 Nc8 38. Ra8 Ke7 39. Rxc8 1-0

[Event "SN-2014-0-00650"]
[Site "LSS email"]
[Date "2014.12.31"]
[Round "?"]
[White "Gorman, Andrew"]
[Black "Meijers, John"]
[Result "1-0"]
[WhiteElo "917"]
[BlackElo "1096"]
[PlyCount "83"]
[EventDate "2014.12.10"]
[EventType "tourn (corr)"]
[EventRounds "6"]
[EventCountry "GER"]
[SourceTitle "Corr 2022"]
[Source "ChessBase"]
[SourceDate "2021.10.24"]
[SourceVersion "1"]
[SourceVersionDate "2021.10.24"]
[SourceQuality "1"]

1. e4 c5 2. Nf3 d6 3. d4 cxd4 4. Nxd4 e5 5. Nb3 Nf6 6. Nc3 Be6 7. Be3 a6 8. h3 d5 9. exd5 Bb4 10. dxe6 Bxc3+ 11. bxc3 0-0 12. Qxd8 Rxd8 13. exf7+ Kxf7 14. Bc4+ Kg6 15. Bd3+ e4 16. Be2 Nc6 17. 0-0 b5 18. Rad1 Kf7 19. Rxd8 Nxd8 20. Bg5 Rc8 21. Bxf6 Kxf6 22. Nd2 Ke5 23. f4+ Kd5 24. Rd1 Ne6 25. c4+ bxc4 26. Bxc4+ Rxc4 27. Nxc4+ Kxc4 28. Rd6 Nxf4 29. Rxa6 Kc3 30. Rc6+ Kd2 31. c4 e3 32. Rd6+ Kc3 33. c5 e2 34. Kf2 g5 35. c6 Nxg2 36. Kxe2 Nf4+ 37. Kf3 Nxh3 38. c7 Ng1+ 39. Kg4 Ne2 40. c8Q+ Kb4 41. Rb6+ Ka3 42. Qa8# 1-0

[Event "SN-2014-0-00650"]
[Site "LSS email"]
[Date "2014.12.31"]
[Round "?"]
[White "Meijers, John"]
[Black "Martindale, Roger"]
[Result "1-0"]
[WhiteElo "1096"]
[BlackElo "821"]
[PlyCount "73"]
[EventDate "2014.12.10"]
[EventType "tourn (corr)"]
[EventRounds "6"]
[EventCountry "GER"]
[SourceTitle "Corr 2022"]
[Source "ChessBase"]
[SourceDate "2021.10.24"]
[SourceVersion "1"]
[SourceVersionDate "2021.10.24"]
[SourceQuality "1"]

1. e4 e5 2. Nf3 d6 3. d4 exd4 4. Nxd4 a6 5. Nc3 c5 6. Nf3 Nc6 7. Be3 h6 8. Bc4 b5 9. Bd5 Nge7 10. 0-0 Nxd5 11. exd5 Ne7 12. a3 Nf5 13. Bf4 g5 14. Qe2+ Be7 15. Rfe1 gxf4 16. Ne4 Bb7 17. Rad1 Qc7 18. Qd2 c4 19. Qxf4 Bc8 20. g4 Nh4 21. Nxd6+ Kd8 22. Nxf7+ Kd7 23. Qxc7+ Kxc7 24. Rxe7+ Bd7 25. N3e5 Nf3+ 26. Kh1 Rhe8 27. Rxd7+ Kb6 28. Nxf3 Re2 29. Nxh6 Rxf2 30. Rf7 Rd8 31. b3 Rxc2 32. bxc4 Rd6 33. Nf5 Rd8 34. Re7 Rxc4 35. d6 Rf4 36. Ne5 Rf2 37. d7 1-0

[Event "SN-2014-0-00650"]
[Site "LSS email"]
[Date "2014.12.31"]
[Round "?"]
[White "Meijers, John"]
[Black "Nejdek, Petr"]
[Result "1-0"]
[WhiteElo "1096"]
[BlackElo "690"]
[PlyCount "51"]
[EventDate "2014.12.10"]
[EventType "tourn (corr)"]
[EventRounds "6"]
[EventCountry "GER"]
[SourceTitle "Corr 2022"]
[Source "ChessBase"]
[SourceDate "2021.10.24"]
[SourceVersion "1"]
[SourceVersionDate "2021.10.24"]
[SourceQuality "1"]

1. e4 e5 2. Nf3 d6 3. d4 Nc6 4. dxe5 Bg4 5. exd6 cxd6 6. Be2 Be7 7. Nc3 Bxf3 8. Bxf3 Ne5 9. 0-0 Nf6 10. Be2 0-0 11. Bf4 a6 12. h3 b5 13. Qd4 Nc6 14. Qe3 Ne5 15. Nd5 Nxd5 16. Qd2 Nf6 17. Rad1 Nxe4 18. Qe3 Nxf2 19. Bxe5 Nxd1 20. Rxd1 f6 21. Bc3 Rc8 22. Bd3 d5 23. Qg3 Bd6 24. Qh4 h6 25. Qg4 f5 26. Qxg7# 1-0

[Event "LSS No Engine Cup 118 Preliminary 0"]
[Site "LSS email"]
[Date "2014.09.25"]
[Round "?"]
[White "Korinek, Jaroslav"]
[Black "Meijers, John"]
[Result "1-0"]
[WhiteElo "1975"]
[BlackElo "1600"]
[PlyCount "47"]
[EventDate "2014.09.26"]
[EventType "tourn (corr)"]
[EventRounds "6"]
[EventCountry "GER"]
[SourceTitle "Corr 2022"]
[Source "ChessBase"]
[SourceDate "2021.10.24"]
[SourceVersion "1"]
[SourceVersionDate "2021.10.24"]
[SourceQuality "1"]

1. e4 c5 2. Nf3 d6 3. d4 cxd4 4. Nxd4 Nf6 5. Nc3 a6 6. Bc4 e6 7. 0-0 b5 8. Bd3 Bb7 9. a4 e5 10. Nf5 b4 11. Na2 a5 12. Bg5 Nbd7 13. Bb5 Ba6 14. Bxf6 gxf6 15. c3 Bxb5 16. axb5 Nc5 17. cxb4 Nxe4 18. Qd5 Ng5 19. Qc6+ Qd7 20. Qxa8+ Qd8 21. Qc6+ Qd7 22. Nc3 Qxc6 23. bxc6 axb4 24. Ra8# 1-0

[Event "LSS No Engine Cup 118 Preliminary 0"]
[Site "LSS email"]
[Date "2014.09.25"]
[Round "?"]
[White "Meijers, John"]
[Black "Kharchuk, Yurij"]
[Result "0-1"]
[WhiteElo "1600"]
[BlackElo "1600"]
[PlyCount "84"]
[EventDate "2014.09.26"]
[EventType "tourn (corr)"]
[EventRounds "6"]
[EventCountry "GER"]
[SourceTitle "Corr 2022"]
[Source "ChessBase"]
[SourceDate "2021.10.24"]
[SourceVersion "1"]
[SourceVersionDate "2021.10.24"]
[SourceQuality "1"]

1. e4 e5 2. Nf3 Nc6 3. Bb5 a6 4. Ba4 b5 5. Bb3 Na5 6. c3 Nxb3 7. Qxb3 Bb7 8. d3 d5 9. Nxe5 Qe7 10. exd5 Qxe5+ 11. Be3 Qxd5 12. Qxd5 Bxd5 13. 0-0 Bd6 14. Re1 Ne7 15. Nd2 0-0 16. Bg5 Ng6 17. Ne4 Bxe4 18. Rxe4 Rfe8 19. Rae1 Rxe4 20. Rxe4 Kf8 21. g3 Re8 22. Rxe8+ Kxe8 23. b4 Ne5 24. Be3 Nxd3 25. Kf1 Be5 26. Bd4 Bxd4 27. cxd4 Nxb4 28. Ke2 Nxa2 29. Ke3 Kd7 30. Ke4 Kd6 31. f4 b4 32. Kd3 Kd5 33. Kc2 a5 34. h4 Kxd4 35. Kb3 f5 36. Kxa2 a4 37. h5 h6 38. Kb2 c5 39. Kc2 c4 40. Kb2 c3+ 41. Kc2 b3+ 42. Kd1 a3 0-1

[Event "LSS No Engine Cup 115 Preliminary 3"]
[Site "LSS email"]
[Date "2014.08.04"]
[Round "?"]
[White "Helmbrecht, John R"]
[Black "Meijers, John"]
[Result "1-0"]
[WhiteElo "1368"]
[BlackElo "937"]
[PlyCount "97"]
[EventDate "2014.08.05"]
[EventType "tourn (corr)"]
[EventRounds "6"]
[EventCountry "GER"]
[SourceTitle "Corr 2015"]
[Source "ChessBase"]
[SourceDate "2015.07.17"]
[SourceVersion "1"]
[SourceVersionDate "2015.07.17"]
[SourceQuality "1"]

1. e4 c5 2. Nf3 d6 3. d4 b6 4. Bb5+ Bd7 5. Bc4 cxd4 6. Nxd4 Nf6 7. 0-0 Nc6 8. Nc3 e6 9. f4 e5 10. Ndb5 Be7 11. Nxd6+ Bxd6 12. Qxd6 Qb8 13. fxe5 Nxe5 14. Qxb8+ Rxb8 15. Bb3 0-0 16. Bf4 Rfe8 17. Rae1 Rbc8 18. Nd5 Nxd5 19. exd5 Ng4 20. h3 Nf6 21. Rd1 Re2 22. Rfe1 Rxe1+ 23. Rxe1 h6 24. Re7 Rf8 25. Be5 Bf5 26. Bxf6 gxf6 27. Rxa7 Rd8 28. d6 Be6 29. Bxe6 fxe6 30. d7 Kf7 31. Rb7 b5 32. Rxb5 Rxd7 33. a4 Rd1+ 34. Kh2 Ra1 35. a5 Ke7 36. b4 e5 37. Kg3 Ra3+ 38. Kf2 Ra2 39. Rc5 Kd6 40. Ke3 Rb2 41. c3 Rxg2 42. Ke4 Rh2 43. Rc8 Rxh3 44. a6 f5+ 45. Kxf5 Rg3 46. a7 h5 47. a8Q h4 48. Qc6+ Ke7 49. Qe6# 1-0